<?xml version="1.0" encoding="UTF-8"?>
<collection xmlns="http://www.loc.gov/MARC21/slim">
<record>
  <controlfield tag="001">7702</controlfield>
  <controlfield tag="005">20260105155514.0</controlfield>
  <datafield tag="024" ind1="7" ind2=" ">
    <subfield code="a">10.3847/1538-4357/ae0d90</subfield>
    <subfield code="2">DOI</subfield>
  </datafield>
  <datafield tag="037" ind1=" " ind2=" ">
    <subfield code="a">SCART-2026-0010</subfield>
  </datafield>
  <datafield tag="100" ind1=" " ind2=" ">
    <subfield code="a">Panesar, Navdeep K.</subfield>
  </datafield>
  <datafield tag="245" ind1=" " ind2=" ">
    <subfield code="a">Buildup, Explosion, and Untwisting of a Solar Active Region Jet Observed with Solar Orbiter, IRIS, and SDO</subfield>
  </datafield>
  <datafield tag="260" ind1=" " ind2=" ">
    <subfield code="c">2025</subfield>
  </datafield>
  <datafield tag="520" ind1=" " ind2=" ">
    <subfield code="a">We present detailed analysis of an active region coronal jet accompanying a minifilament eruption that is fully captured and well resolved in high spatial resolution 174 Å coronal images from Solar Orbiter’s Extreme Ultraviolet Imager (EUI). The active region jet is simultaneously observed by the Interface Region Imaging Spectrograph and the Solar Dynamics Observatory. An erupting minifilament is rooted at the edge of an active region where mixed-polarity magnetic flux is present. Minority-polarity positive flux merges and cancels with the active region’s dominant negative flux at an average rate of 1019 Mx hr−1, building a minifilament-holding flux rope and triggering its eruption. The eruption shows a slow rise followed by a fast rise, akin to large-scale filament eruptions. EUI images and Mg II k spectra, displaying simultaneously blueshift and redshift at the opposite edges of the spire, indicate counterclockwise untwisting of the jet spire. This jet is the clearest, most comprehensively observed active-region jet with this instrument set, displaying striking similarities with quiet Sun and coronal hole jets. Its magnetic (≤1028 erg), thermal (1025 erg), and kinetic (1025 erg) energies suggest a significant contribution to local coronal heating. We conclude that magnetic flux cancelation builds a minifilament-carrying twisted flux rope and also eventually triggers the flux rope’s eruption that makes the coronal jet, in line with our recent results on the buildup and explosion of solar coronal jets in quiet Sun and coronal holes. That is, this active region jet clearly works the same way as the vast majority of quiet Sun and coronal hole jets.</subfield>
  </datafield>
  <datafield tag="594" ind1=" " ind2=" ">
    <subfield code="a">STCE</subfield>
  </datafield>
  <datafield tag="653" ind1="1" ind2=" ">
    <subfield code="a">Solar Orbiter</subfield>
  </datafield>
  <datafield tag="653" ind1="1" ind2=" ">
    <subfield code="a">EUI</subfield>
  </datafield>
  <datafield tag="653" ind1="1" ind2=" ">
    <subfield code="a">jet</subfield>
  </datafield>
  <datafield tag="700" ind1=" " ind2=" ">
    <subfield code="a">Sterling, Alphonse C.</subfield>
  </datafield>
  <datafield tag="700" ind1=" " ind2=" ">
    <subfield code="a">Moore, Ronald L.</subfield>
  </datafield>
  <datafield tag="700" ind1=" " ind2=" ">
    <subfield code="a">Tiwari, Sanjiv K. </subfield>
  </datafield>
  <datafield tag="700" ind1=" " ind2=" ">
    <subfield code="a">Berghmans, David</subfield>
  </datafield>
  <datafield tag="700" ind1=" " ind2=" ">
    <subfield code="a">Zhukov, Andrei</subfield>
  </datafield>
  <datafield tag="700" ind1=" " ind2=" ">
    <subfield code="a">Mierla, Marilena</subfield>
  </datafield>
  <datafield tag="700" ind1=" " ind2=" ">
    <subfield code="a">Verbeeck, Cis</subfield>
  </datafield>
  <datafield tag="700" ind1=" " ind2=" ">
    <subfield code="a">Stegen, Koen</subfield>
  </datafield>
  <datafield tag="773" ind1=" " ind2=" ">
    <subfield code="p">The Astrophysical Journal Letters,</subfield>
    <subfield code="v">994</subfield>
    <subfield code="y">2025</subfield>
    <subfield code="n">2, id.164</subfield>
  </datafield>
  <datafield tag="856" ind1="0" ind2=" ">
    <subfield code="f">david.berghmans@ksb-orb.be</subfield>
  </datafield>
  <datafield tag="856" ind1="4" ind2="2">
    <subfield code="a">https://arxiv.org/abs/2510.05439</subfield>
  </datafield>
  <datafield tag="856" ind1="4" ind2="2">
    <subfield code="a">https://iopscience.iop.org/article/10.3847/1538-4357/ae0d90</subfield>
  </datafield>
  <datafield tag="905" ind1=" " ind2=" ">
    <subfield code="a">published in</subfield>
  </datafield>
  <datafield tag="980" ind1=" " ind2=" ">
    <subfield code="a">REFERD</subfield>
  </datafield>
</record>
</collection>